<?xml version="1.0" encoding="UTF-8"?>
<record
    xmlns:xsi="http://www.w3.org/2001/XMLSchema-instance"
    xsi:schemaLocation="http://www.loc.gov/MARC21/slim http://www.loc.gov/standards/marcxml/schema/MARC21slim.xsd"
    xmlns="http://www.loc.gov/MARC21/slim">

  <leader>02391nam a2200421 a 4500</leader>
  <controlfield tag="001">000000266</controlfield>
  <controlfield tag="003">DO-SdBNP</controlfield>
  <controlfield tag="005">20251027112126.0</controlfield>
  <controlfield tag="007">ta</controlfield>
  <controlfield tag="008">240325s2006    dr abc  r     000 0 spa d</controlfield>
  <datafield tag="040" ind1=" " ind2=" ">
    <subfield code="a">DO-SdBNP</subfield>
    <subfield code="b">spa</subfield>
    <subfield code="c">BNPHU</subfield>
    <subfield code="e">rda</subfield>
  </datafield>
  <datafield tag="082" ind1=" " ind2=" ">
    <subfield code="a">917</subfield>
    <subfield code="b">C719g, 2006</subfield>
    <subfield code="2">22</subfield>
  </datafield>
  <datafield tag="100" ind1="1" ind2=" ">
    <subfield code="a">Col&#xF3;n, Juan,</subfield>
    <subfield code="d">1962-</subfield>
    <subfield code="e">autor</subfield>
    <subfield code="9">863</subfield>
  </datafield>
  <datafield tag="245" ind1="1" ind2="0">
    <subfield code="a">Geograf&#xED;a e historia de Am&#xE9;rica y de los pueblos del Caribe :</subfield>
    <subfield code="b">2do. grado del 1er. ciclo /</subfield>
    <subfield code="c">Juan Col&#xF3;n.</subfield>
  </datafield>
  <datafield tag="250" ind1=" " ind2=" ">
    <subfield code="a">4a edici&#xF3;n</subfield>
  </datafield>
  <datafield tag="264" ind1=" " ind2=" ">
    <subfield code="a">Santo Domingo :</subfield>
    <subfield code="b">Secretar&#xED;a de Estado de Educaci&#xF3;n,</subfield>
    <subfield code="b">Educando,</subfield>
    <subfield code="c">2006.</subfield>
  </datafield>
  <datafield tag="300" ind1=" " ind2=" ">
    <subfield code="a">247 paginas. :</subfield>
    <subfield code="b">ilustraciones mapas., retratoss. ;</subfield>
    <subfield code="c">27 cm.</subfield>
  </datafield>
  <datafield tag="336" ind1=" " ind2=" ">
    <subfield code="2">rdacontent</subfield>
    <subfield code="a">texto</subfield>
    <subfield code="b">txt</subfield>
  </datafield>
  <datafield tag="337" ind1=" " ind2=" ">
    <subfield code="2">rdamedia</subfield>
    <subfield code="a">sin mediaci&#xF3;n</subfield>
    <subfield code="b">n</subfield>
  </datafield>
  <datafield tag="338" ind1=" " ind2=" ">
    <subfield code="2">rdacarrier</subfield>
    <subfield code="a">volumen</subfield>
    <subfield code="b">nc</subfield>
  </datafield>
  <datafield tag="500" ind1=" " ind2=" ">
    <subfield code="a">Incluye datos biograf&#xED;cos del autor en la contracubierta.</subfield>
  </datafield>
  <datafield tag="500" ind1=" " ind2=" ">
    <subfield code="a">Prohibida su venta, propiedad de la Secretaria de Estado de Educaci&#xF3;n</subfield>
  </datafield>
  <datafield tag="505" ind1="0" ind2=" ">
    <subfield code="g">Unidad 1.</subfield>
    <subfield code="t">El continente americano --</subfield>
    <subfield code="g">Unidad 2.</subfield>
    <subfield code="t">Culturas cl&#xE1;sicas americanas y caribe&#xF1;as --</subfield>
    <subfield code="g">Unidad 3.</subfield>
    <subfield code="t">La Colonizaci&#xF3;n Europea --</subfield>
    <subfield code="g">Unidad 4.</subfield>
    <subfield code="t">Movimientos emancipadores e integracionistas de Am&#xE9;rica --</subfield>
    <subfield code="g">Unidad 5.</subfield>
    <subfield code="t">Formaci&#xF3;n de nuevas naciones en el Caribe. Guerra hispanoamericana. Injerencia e intervenci&#xF3;n de Estados Unidos en Am&#xE9;rica Central y las Antillas --</subfield>
    <subfield code="g">Unidad 6.</subfield>
    <subfield code="t">Diversidad hist&#xF3;rico-Social del continente americano --</subfield>
    <subfield code="g">Unidad 7.</subfield>
    <subfield code="t">Desarrollo econ&#xF3;mico, tecnol&#xF3;gico y cultural, as&#xED; como problemas demogr&#xE1;ficos y subdesarrollo de los pueblos de Am&#xE9;rica hoy --</subfield>
    <subfield code="g">Unidad 8.</subfield>
    <subfield code="t">Recursos de Am&#xE9;rica y del Caribe --</subfield>
    <subfield code="g">Unidad 9.</subfield>
    <subfield code="t">El Proceso de urbanizaci&#xF3;n en Am&#xE9;rica. Relaciones pol&#xED;ticas, econ&#xF3;micas y culturales.</subfield>
  </datafield>
  <datafield tag="590" ind1=" " ind2=" ">
    <subfield code="a">Inventariado, 2024/DG</subfield>
  </datafield>
  <datafield tag="650" ind1=" " ind2="4">
    <subfield code="a">Geograf&#xED;a</subfield>
    <subfield code="x">Libros texto</subfield>
    <subfield code="9">864</subfield>
  </datafield>
  <datafield tag="650" ind1=" " ind2="4">
    <subfield code="a">Geograf&#xED;a</subfield>
    <subfield code="x">Problemas, ejercicios, etc,. </subfield>
    <subfield code="9">76740</subfield>
  </datafield>
  <datafield tag="650" ind1=" " ind2="4">
    <subfield code="a">Geograf&#xED;a </subfield>
    <subfield code="x">Ense&#xF1;anza secundaria</subfield>
    <subfield code="9">76742</subfield>
  </datafield>
  <datafield tag="650" ind1=" " ind2="4">
    <subfield code="a">Historia</subfield>
    <subfield code="x">Ense&#xF1;anza secundaria </subfield>
    <subfield code="9">76743</subfield>
  </datafield>
  <datafield tag="651" ind1=" " ind2="4">
    <subfield code="a">Am&#xE9;rica</subfield>
    <subfield code="x">Historia</subfield>
    <subfield code="x">Libros de texto</subfield>
    <subfield code="9">865</subfield>
  </datafield>
  <datafield tag="651" ind1=" " ind2="0">
    <subfield code="a">Caribe (Regi&#xF3;n)</subfield>
    <subfield code="x">Descripciones y viajes</subfield>
    <subfield code="9">87401</subfield>
  </datafield>
  <datafield tag="651" ind1=" " ind2="4">
    <subfield code="a">Am&#xE9;rica</subfield>
    <subfield code="x">Descripciones y viajes</subfield>
    <subfield code="9">867</subfield>
  </datafield>
  <datafield tag="651" ind1=" " ind2="4">
    <subfield code="a">Am&#xE9;rica</subfield>
    <subfield code="x">Condiciones econ&#xF3;micas</subfield>
    <subfield code="9">868</subfield>
  </datafield>
  <datafield tag="651" ind1=" " ind2="4">
    <subfield code="a">Am&#xE9;rica</subfield>
    <subfield code="x">Aspectos sociales</subfield>
    <subfield code="9">869</subfield>
  </datafield>
  <datafield tag="651" ind1=" " ind2="4">
    <subfield code="a">Am&#xE9;rica</subfield>
    <subfield code="x">Aspectos pol&#xED;ticos</subfield>
    <subfield code="9">870</subfield>
  </datafield>
  <datafield tag="651" ind1=" " ind2="0">
    <subfield code="a">Caribe (Regi&#xF3;n)</subfield>
    <subfield code="x">Historia</subfield>
    <subfield code="x">Problemas, ejercicios, etc.</subfield>
    <subfield code="9">87401</subfield>
  </datafield>
  <datafield tag="910" ind1=" " ind2=" ">
    <subfield code="a">DG</subfield>
  </datafield>
  <datafield tag="942" ind1=" " ind2=" ">
    <subfield code="2">ddc</subfield>
    <subfield code="c">LBS1</subfield>
  </datafield>
  <datafield tag="952" ind1=" " ind2=" ">
    <subfield code="0">0</subfield>
    <subfield code="1">0</subfield>
    <subfield code="2">ddc</subfield>
    <subfield code="5">1</subfield>
    <subfield code="7">0</subfield>
    <subfield code="8">PD</subfield>
    <subfield code="a">BNPHU</subfield>
    <subfield code="b">BNPHU</subfield>
    <subfield code="c">CT</subfield>
    <subfield code="d">2024-03-25</subfield>
    <subfield code="e">donaci&#xF3;n</subfield>
    <subfield code="l">0</subfield>
    <subfield code="o">BNPHU PD 917 C719g, 2006</subfield>
    <subfield code="p">2024-1688</subfield>
    <subfield code="r">2024-03-25</subfield>
    <subfield code="w">2024-03-25</subfield>
    <subfield code="y">LBS1</subfield>
  </datafield>
  <datafield tag="999" ind1=" " ind2=" ">
    <subfield code="c">56193</subfield>
    <subfield code="d">56193</subfield>
  </datafield>
</record>
